000 00431nam a22001817a 4500
003 koha_MIRAKIL
005 20231213095637.0
008 231213b |||||||| |||| 00| 0 ||| d
020 _b978-0-590-20027-1
040 _aTR-IsEVY
_btur
_cTR-IsEVY
082 _a420 FOX/W
100 _aFOX, MEM.
245 0 _aWHOEVER YOU ARE.
260 _bScholastic,
_c1999
300 _a[ ] p.
650 _aİngiliz Dili.
942 _2ddc
_cBK
999 _c7058
_d7058